Tous les clubs qui ont affronté l'OM en coupe d'Europe - Statistiques

Statistiques générales
  • Ce quiz a été pris 37 fois
  • Le résultat moyen est 38 sur 111
Statistiques - réponses
Année 1er match Nombres de matchs Bilan Equipes % Correct
1990-91 5 2v 2n 1d AC Milan
91%
2011-12 2 2d Bayern Munich
88%
2003-04 7 2v 1n 4d Liverpool
88%
2003-04 5 5d Real Madrid
88%
2003-04 4 3v 1d Inter Milan
85%
2020-21 2 2d Manchester City
85%
1971-72 9 4v 2n 3d Ajax
82%
1999-2000 4 1v 1n 2d Manchester United
82%
2011-12 4 1n 3d Arsenal
79%
2008-09 3 1n 2d Atlético Madrid
79%
1999-2000 4 2v 2d Chelsea
79%
2011-12 4 2v 2d Dortmund
79%
1972-73 2 1v 1d Juventus
79%
2003-04 6 1n 5d Porto
79%
2017-18 2 1v 1d RB Leipzig
79%
1989-90 6 2v 1n 3d Benfica
76%
2022-23 2 2d Tottenham
73%
2013-14 2 2d Napoli
70%
2008-09 2 1v 1d PSV
70%
2003-04 1 1d Valence
67%
1999-2000 4 2n 2d Feyenoord
64%
1999-2000 8 1v 3n 4d Lazio
64%
1992-93 2 2n Rangers
64%
2023-24 3 1n 2d Atalanta Bergame
61%
2015-16 4 2v 2d Braga
61%
1990-91 1 1n Étoile rouge de Belgrade
61%
2003-04 3 2v 1n Newcastle
58%
2017-18 4 1v 1n 2d Salzbourg
58%
1992-93 3 2v 1d Club de Bruges
55%
1994-95 6 4v 2d Olympiakos
55%
2018-19 4 4d Eintracht Francfort
52%
2021-22 2 1n 1d Galatasaray
52%
2022-23 3 2v 1d Sporting Lisbonne
52%
2023-24 2 1v 1d Villarreal
52%
2021-22 2 2v Bâle
48%
2023-24 2 1v 1d Panathinaïkos
48%
1991-92 2 1v 1d Sparta Prague
48%
2005-06 4 1v 1n 2d Zénith Saint-Pétersbourg
48%
1998-99 2 1v 1n AS Monaco
45%
2005 4 2v 2n Young Boys
45%
2009-10 2 2v Copenhague
42%
1998-99 1 1d Parme
42%
1989-90 4 3v 1n AEK Athènes
39%
2015-16 4 2v 1n 1d Athletic Bilbao
39%
2008-09 4 1v 1n 2d Chakhtar Donetsk
39%
1992-93 3 1v 1n 1d CSKA Moscou
39%
1992-93 3 2v 1n Dinamo Bucarest
39%
1969-70 4 1v 2n 1d Dinamo Zagreb
39%
2012-13 2 1n 1d Fenerbahçe
39%
1990-91 6 4v 2d Spartak Moscou
36%
2009-10 2 2v Zurich
36%
2007-08 2 1v 1d Besiktas
33%
2021-22 2 2v PAOK
33%
2021-22 2 2v Qarabağ
33%
2023-24 2 1n 1d Brighton
30%
1998-99 2 1v 1n Werder Brême
30%
2003-04 2 1v 1n Austria Vienne
27%
1969 2 1n 1d Malmö
27%
2012-13 2 1n 1d Mönchengladbach
27%
1998-99 2 1v 1n Celta Vigo
24%
2005 2 1v 1d Deportivo La Corogne
24%
2021-22 2 1v 1n Lokomotiv Moscou
24%
2018-19 2 1n 1d Apollon Limassol
21%
1998-99 2 2n Bologne
21%
1973-74 2 1v 1d Cologne
21%
2017-18 2 1v 1d Vitória Guimarães
21%
2010-11 2 2v MŠK Žilina
18%
2003-04 2 1v 1n Partizan
18%
2008-09 2 1v 1d Twente
18%
1990-91 2 1v 1n Dinamo Tirana
15%
2017-18 2 1v 1n Ostende
15%
1969 2 2n Servette
15%
1970 2 1v 1n AIK
12%
1987-88 2 2v Hajduk Split
12%
1994-95 2 1v 1d Sion
12%
1978 2 2d Budapest Honvéd
9%
1989-90 2 2v CSKA Sofia
9%
2003-04 4 1v 3n Dnipro
9%
1978 2 1v 1d Eintracht Brunswick
9%
1992-93 2 2v Glentoran
9%
2017-18 2 1v 1n Konyaspor
9%
1970 2 1v 1n Lausanne Sport
9%
1990-91 2 1v 1d Lech Poznań
9%
2005-06 1 1v Levski Sofia
9%
2006-07 2 1v 1d Mladá Boleslav
9%
1973-74 4 4v Union Luxembourg
9%
2008-09 2 2v Brann
6%
1989-90 2 1v 1n Brøndby
6%
2017-18 2 1v 1n Domžale
6%
2012-13 2 1v 1n Sheriff
6%
1999-2000 2 1v 1d Sturm Graz
6%
1962-63 3 2v 1d Union Saint-Gilloise
6%
1978 2 1v 1n ADO Den Haag
3%
2012-13 2 1v 1d AEL Limassol
3%
2005-06 2 2n Beerschot
3%
2005-06 2 1v 1n Bolton
3%
1975-76 2 2d Carl Zeiss Iéna
3%
1971-72 2 1v 1n Górnik Zabrze
3%
1968-69 2 1v 1d Goztepe
3%
2015-16 2 2v Groninguen
3%
2005-06 1 1v Heerenveen
3%
1987-88 2 1v 1n Lokomotive Leipzig
3%
1998-99 2 1v 1n Sigma Olomouc
3%
2015-16 2 1v 1d Slovan Liberec
3%
1976-77 2 1v 1d Southampton
3%
1970-71 2 1v 1d Spartak Trnava
3%
1969-70 2 1v 1d Dukla Prague
0%
2012-13 2 1v 1n Eskişehirspor
0%
1969 2 1v 1d Kaiserslautern
0%
1987-88 2 2v RoPS Rovaniemi
0%
1970 2 1v 1d Zagłębie Sosnowiec
0%
Aucun quiz correspondant
Distribution des résultats
% des personnes avec chaque résultat
Percentile par nombre de réponses
Votre historique - résultats
Vous n’avez pas pris ce quiz